[Event "BL2-West 2223"]
[Site "Germany"]
[Date "2022.11.27"]
[Round "4.5"]
[White "Stillger, Bernhard"]
[Black "De Gleria, Francesco"]
[Result "1/2-1/2"]
[WhiteElo "2279"]
[BlackElo "2373"]
[PlyCount "93"]
[EventDate "2022.10.22"]
[EventType "team-tourn"]
[EventRounds "10"]
[EventCountry "GER"]
[SourceTitle "EXT 2024"]
[Source "ChessBase"]
[SourceDate "2023.10.10"]
[SourceVersion "1"]
[SourceVersionDate "2023.10.10"]
[SourceQuality "1"]
[WhiteTeam "Muelheim Nord II"]
[BlackTeam "Duesseldorf"]
[WhiteTeamCountry "GER"]
[BlackTeamCountry "GER"]

1. d4 d5 2. c4 e6 3. Nf3 Nf6 4. Nc3 c6 5. cxd5 exd5 6. Bg5 h6 7. Bh4 Bf5 8. e3 Nbd7 9. Bd3 Bxd3 10. Qxd3 Bd6 11. 0-0 0-0 12. Rab1 Qe7 13. Rfc1 Rfe8 14. Ne2 a5 15. Bg3 Ne4 16. Bxd6 Nxd6 17. Ng3 g6 18. Nd2 a4 19. Re1 h5 20. h3 h4 21. Ne2 Nf6 22. Nc3 Nfe4 23. Ndxe4 Nxe4 24. Nxe4 Qxe4 25. Qxe4 dxe4 26. Rec1 Ra5 27. Rc4 Rd8 28. Rbc1 Rb5 29. R1c2 Ra8 30. f3 exf3 31. gxf3 f6 32. e4 Kf7 33. Kf2 Ke6 34. Ke3 a3 35. b3 Rxb3+ 36. axb3 a2 37. d5+ Kd6 38. Rxa2 Rxa2 39. Rb4 b5 40. dxc6 Kxc6 41. e5 fxe5 42. Rxh4 Kd5 43. Rb4 Kc5 44. Rg4 Ra6 45. h4 Kd5 46. Rb4 Kc5 47. Rg4 1/2-1/2

[Event "BL2-West 2223"]
[Site "Germany"]
[Date "2022.10.23"]
[Round "2.5"]
[White "Suvorov, Luca"]
[Black "De Gleria, Francesco"]
[Result "1-0"]
[WhiteElo "2302"]
[BlackElo "2373"]
[PlyCount "77"]
[EventDate "2022.10.22"]
[EventType "team-tourn"]
[EventRounds "10"]
[EventCountry "GER"]
[SourceTitle "EXT 2024"]
[Source "ChessBase"]
[SourceDate "2023.10.10"]
[SourceVersion "1"]
[SourceVersionDate "2023.10.10"]
[SourceQuality "1"]
[WhiteTeam "Koeln Porz"]
[BlackTeam "Duesseldorf"]
[WhiteTeamCountry "GER"]
[BlackTeamCountry "GER"]

1. d4 Nf6 2. c4 e6 3. Nc3 Bb4 4. e3 c5 5. Nge2 b6 6. a3 Ba5 7. Rb1 Na6 8. g3 Bb7 9. d5 b5 10. Bg2 bxc4 11. 0-0 0-0 12. e4 exd5 13. e5 Ng4 14. Bxd5 Qb8 15. Bf4 Nc7 16. Bxb7 Qxb7 17. h3 Nh6 18. Bxh6 gxh6 19. Nf4 Bxc3 20. bxc3 Qc6 21. Qg4+ Kh8 22. Rbd1 f5 23. Qh5 Ne8 24. Rfe1 Ng7 25. Qh4 Rae8 26. Re3 h5 27. Rd6 Qc7 28. Rh6 Rf7 29. Nd5 Qb7 30. Nf6 Qb1+ 31. Kh2 f4 32. Re1 fxg3+ 33. Qxg3 Qf5 34. Rxh7+ Qxh7 35. Nxh7 Kxh7 36. Rg1 Re6 37. f4 Ree7 38. Qg5 Kh8 39. f5 1-0

[Event "Titled Tuesday intern op 02nd Aug Late"]
[Site "Chess.com INT"]
[Date "2022.08.02"]
[Round "6"]
[White "De Gleria, Francesco"]
[Black "Wieczorek, Zbigniew"]
[Result "0-1"]
[WhiteElo "2372"]
[BlackElo "2155"]
[PlyCount "54"]
[EventDate "2022.08.02"]
[EventType "swiss (blitz)"]
[EventRounds "11"]
[EventCountry "USA"]
[SourceTitle "EXT 2023"]
[Source "ChessBase"]
[SourceDate "2022.10.05"]
[SourceVersion "1"]
[SourceVersionDate "2022.10.05"]
[SourceQuality "1"]

1. e4 g6 2. d4 Bg7 3. Nc3 c6 4. Nf3 d5 5. h3 dxe4 6. Nxe4 Bf5 7. Bd3 Nd7 8. Qe2 Bxe4 9. Qxe4 Ngf6 10. Qh4 0-0 11. Bh6 e5 12. Bxg7 Kxg7 13. 0-0 Re8 14. Rfe1 exd4 15. Qxd4 Qb6 16. Qf4 Qxb2 17. Nd4 Qc3 18. Red1 Ne5 19. Nf5+ gxf5 20. Qg5+ Ng6 21. Rab1 b6 22. Bxf5 Rad8 23. h4 h6 24. Qc1 Nxh4 25. Rxd8 Rxd8 26. Rb3 Qe5 27. Rg3+ Ng6 0-1

[Event "Titled Tuesday intern op 26th Jul Late"]
[Site "Chess.com INT"]
[Date "2022.07.26"]
[Round "5"]
[White "De Gleria, Francesco"]
[Black "Melikyan, Gnel"]
[Result "0-1"]
[WhiteElo "2372"]
[BlackElo "2140"]
[PlyCount "120"]
[EventDate "2022.07.26"]
[EventType "swiss (blitz)"]
[EventRounds "11"]
[EventCountry "USA"]
[SourceTitle "EXT 2023"]
[Source "ChessBase"]
[SourceDate "2022.10.05"]
[SourceVersion "1"]
[SourceVersionDate "2022.10.05"]
[SourceQuality "1"]

1. e4 e5 2. Nf3 Nc6 3. d4 exd4 4. Nxd4 Nf6 5. Nc3 Bb4 6. Nxc6 bxc6 7. Bd3 0-0 8. 0-0 d5 9. Bd2 Bxc3 10. Bxc3 Nxe4 11. Bxe4 dxe4 12. Qh5 Qd5 13. Qe5 Qxe5 14. Bxe5 Ba6 15. Rfd1 Rac8 16. Rd7 f6 17. Bxc7 Rf7 18. Rxf7 Kxf7 19. Bf4 Bc4 20. b3 Be6 21. Rd1 a5 22. Rd4 c5 23. Rxe4 c4 24. h4 a4 25. bxa4 Ra8 26. Bd6 Rxa4 27. a3 Ra8 28. Bb4 h5 29. f3 Rd8 30. Kf2 Rd1 31. a4 Ra1 32. a5 Ra2 33. Re2 Bf5 34. c3 Ra4 35. Ke3 Bd3 36. Rd2 Ke6 37. Kd4 Kf5 38. Kc5 Kf4 39. Kb6 Ke3 40. Rb2 g5 41. hxg5 fxg5 42. a6 g4 43. Bc5+ Kf4 44. Rf2 g3 45. Rb2 h4 46. Kb7 h3 47. gxh3 Kxf3 48. a7 Be4+ 49. Kb8 g2 50. h4 Ra1 51. Rf2+ Kg3 52. Re2 Bd5 53. Bf2+ Kf3 54. Rd2 Be4 55. Bd4 g1Q 56. Bxg1 Rxg1 57. Rd4 Rg8+ 58. Kc7 Ra8 59. Rxe4 Kxe4 60. Kb7 Rxa7+ 0-1

[Event "Bundesliga 1819"]
[Site "Germany"]
[Date "2019.02.02"]
[Round "7.7"]
[White "Tischbierek, Raj"]
[Black "De Gleria, Francesco"]
[Result "1-0"]
[WhiteElo "2432"]
[BlackElo "2390"]
[PlyCount "81"]
[EventDate "2018.11.10"]
[EventType "team-tourn"]
[EventRounds "15"]
[EventCountry "GER"]
[SourceTitle "CBM 188 Extra"]
[Source "ChessBase"]
[SourceDate "2019.02.26"]
[SourceVersion "1"]
[SourceVersionDate "2019.02.26"]
[SourceQuality "1"]
[WhiteTeam "Dresden TU"]
[BlackTeam "Duesseldorf"]
[WhiteTeamCountry "GER"]
[BlackTeamCountry "GER"]

1. g3 g6 2. Bg2 Bg7 3. d4 d6 4. e4 Nd7 5. Ne2 e5 6. 0-0 Ngf6 7. Nbc3 0-0 8. h3 c6 9. a4 Re8 10. Be3 Qc7 11. f4 Nb6 12. b3 exd4 13. Bxd4 a5 14. g4 Bd7 15. f5 g5 16. Qd2 h6 17. Rad1 Rad8 18. Bf2 Nc8 19. Bf3 Nh7 20. Kg2 Be5 21. h4 d5 22. exd5 Nd6 23. Bg3 c5 24. hxg5 hxg5 25. Rh1 f6 26. Rh6 Re7 27. Rdh1 Bxg3 28. Nxg3 Rde8 29. Rg6+ Kf8 30. Rxh7 Rxh7 31. Rxf6+ Rf7 32. Rh6 Rg7 33. Nh5 Nf7 34. Rf6 Qe5 35. Nxg7 Qxf6 36. Nxe8 Bxe8 37. Ne4 Qe7 38. d6 Qd7 39. Nxc5 Qxd6 40. Qxd6+ Nxd6 41. Nxb7 1-0

[Event "BL2-West 1718"]
[Site "Germany"]
[Date "2017.10.22"]
[Round "2.7"]
[White "De Gleria, Francesco"]
[Black "Lemanczyk, Thomas"]
[Result "1-0"]
[WhiteElo "2380"]
[BlackElo "2250"]
[PlyCount "97"]
[EventDate "2017.10.08"]
[EventType "team-tourn"]
[EventRounds "9"]
[EventCountry "GER"]
[SourceTitle "CBM 183 Extra"]
[Source "ChessBase"]
[SourceDate "2018.04.19"]
[SourceVersion "1"]
[SourceVersionDate "2018.04.19"]
[SourceQuality "1"]
[WhiteTeam "Duesseldorf"]
[BlackTeam "Solingen"]
[WhiteTeamCountry "GER"]
[BlackTeamCountry "GER"]

1. e4 e5 2. Nf3 Nc6 3. Bc4 Bc5 4. c3 Nf6 5. d3 d6 6. a4 a6 7. h3 h6 8. 0-0 0-0 9. Re1 Ba7 10. Nbd2 Ne7 11. d4 Ng6 12. Bf1 Re8 13. Qc2 Bd7 14. Ra3 Qc8 15. a5 Nh5 16. Nc4 Nhf4 17. Ne3 Qd8 18. Nf5 Qf6 19. g3 Ne6 20. d5 Nef8 21. Nh2 Ne7 22. Ng4 Qg6 23. Bd3 h5 24. Nge3 Nh7 25. Kg2 Qf6 26. h4 g6 27. Nxe7+ Qxe7 28. b4 Nf6 29. f3 Kg7 30. c4 Rec8 31. Qd2 Ng8 32. Bb2 Nh6 33. c5 dxc5 34. Nc4 f6 35. f4 Nf7 36. fxe5 fxe5 37. Rf1 Kh7 38. Rxf7+ Qxf7 39. Nxe5 Qe7 40. Nxg6 Kxg6 41. e5+ Kf7 42. Qh6 Rg8 43. Qxh5+ Kf8 44. Bg6 Rxg6 45. Qh8+ Rg8 46. Rf3+ Qf7 47. Rxf7+ Kxf7 48. Qh7+ Kf8 49. e6 1-0

[Event "NRW Class1 1718"]
[Site "Germany"]
[Date "2017.10.15"]
[Round "2.1"]
[White "De Gleria, Francesco"]
[Black "Niermann, Tristan"]
[Result "1/2-1/2"]
[WhiteElo "2358"]
[BlackElo "2178"]
[PlyCount "98"]
[EventDate "2017.09.17"]
[EventType "team-tourn"]
[EventRounds "9"]
[EventCountry "GER"]
[SourceTitle "EXT 2019"]
[Source "ChessBase"]
[SourceDate "2018.10.10"]
[SourceVersion "1"]
[SourceVersionDate "2018.10.10"]
[SourceQuality "1"]
[WhiteTeam "Duesseldorf II"]
[BlackTeam "Lieme"]
[WhiteTeamCountry "GER"]
[BlackTeamCountry "GER"]

1. e4 e5 2. Nf3 Nc6 3. Bc4 Bc5 4. c3 Nf6 5. d3 a6 6. a4 Ba7 7. 0-0 0-0 8. Re1 d6 9. h3 h6 10. Nbd2 Re8 11. a5 Be6 12. Bxe6 Rxe6 13. Nf1 d5 14. Qc2 dxe4 15. dxe4 Nh5 16. Kh2 Rg6 17. g3 Rd6 18. Be3 Qf6 19. Qe2 Qe6 20. Bxa7 Rxa7 21. Ne3 Nf6 22. Nc4 Rd7 23. Rad1 Ra8 24. Rxd7 Nxd7 25. Rd1 Rd8 26. b4 Kf8 27. Kg2 Ke8 28. Nh4 Nf6 29. Nf5 Kf8 30. Rxd8+ Nxd8 31. Qd3 Qd7 32. Qf3 Qe6 33. Nce3 b6 34. Nd5 bxa5 35. bxa5 Nxd5 36. exd5 Qf6 37. Qg4 Nb7 38. Ne3 Nd6 39. Qd7 Qe7 40. Qc6 f5 41. Qxa6 f4 42. Nf5 Qf7 43. Qa8+ Ne8 44. g4 g6 45. Nh4 Qf6 46. d6 cxd6 47. a6 Qxh4 48. a7 Qf6 49. Qb7 f3+ 1/2-1/2

[Event "Oberliga NRW 1516"]
[Site "Germany"]
[Date "2016.04.03"]
[Round "8.4"]
[White "Wacker, Peter"]
[Black "De Gleria, Francesco"]
[Result "0-1"]
[WhiteElo "2266"]
[BlackElo "2346"]
[PlyCount "76"]
[EventDate "2015.09.27"]
[EventType "team-tourn"]
[EventRounds "9"]
[EventCountry "GER"]
[SourceTitle "EXT 2017"]
[Source "ChessBase"]
[SourceDate "2016.10.25"]
[SourceVersion "1"]
[SourceVersionDate "2016.10.25"]
[SourceQuality "1"]
[WhiteTeam "Koeln SF"]
[BlackTeam "Duesseldorf"]
[WhiteTeamCountry "GER"]
[BlackTeamCountry "GER"]

1. e4 c5 2. Nf3 d6 3. Bb5+ Bd7 4. Bxd7+ Qxd7 5. 0-0 Nc6 6. c3 Nf6 7. d3 e6 8. Qe2 Be7 9. Nbd2 0-0 10. Rd1 b5 11. Nf1 Qb7 12. Ng3 Rac8 13. Bg5 h6 14. Bxf6 Bxf6 15. d4 cxd4 16. cxd4 Nb4 17. Qd2 a5 18. a3 Rc2 19. Qe3 Na6 20. Rac1 Rfc8 21. Rxc2 Rxc2 22. Ne1 Rc4 23. Ne2 d5 24. e5 Be7 25. f4 a4 26. b4 axb3 27. Qxb3 Nc7 28. Nc2 Qa7 29. Rd3 Qa5 30. Kf2 Bh4+ 31. g3 Be7 32. Re3 h5 33. Rd3 Na8 34. Nc3 Nb6 35. Ne3 b4 36. axb4 Rxb4 37. Qc2 Nc4 38. Ncd1 Qa1 0-1

[Event "Oberliga NRW 1516"]
[Site "Germany"]
[Date "2016.01.10"]
[Round "5.3"]
[White "De Gleria, Francesco"]
[Black "Adamski, Jan"]
[Result "0-1"]
[WhiteElo "2346"]
[BlackElo "2267"]
[PlyCount "65"]
[EventDate "2015.09.27"]
[EventType "team-tourn"]
[EventRounds "9"]
[EventCountry "GER"]
[SourceTitle "EXT 2017"]
[Source "ChessBase"]
[SourceDate "2016.10.25"]
[SourceVersion "1"]
[SourceVersionDate "2016.10.25"]
[SourceQuality "1"]
[WhiteTeam "Duesseldorf"]
[BlackTeam "Letmathe"]
[WhiteTeamCountry "GER"]
[BlackTeamCountry "GER"]

1. e4 c5 2. Nf3 a6 3. b4 cxb4 4. a3 e6 5. axb4 Bxb4 6. c3 Be7 7. d4 d6 8. Bd3 Nd7 9. 0-0 e5 10. Ne1 Ngf6 11. f4 0-0 12. Nd2 b5 13. Nef3 Bb7 14. Qe2 Rc8 15. Bb2 Re8 16. c4 bxc4 17. Bxc4 exf4 18. Bc3 Bf8 19. Ba5 Qe7 20. Ng5 d5 21. Rfb1 Nb8 22. Bb3 h6 23. Ngf3 dxe4 24. Ne5 Bd5 25. Ba4 Nc6 26. Qxa6 Ra8 27. Nxc6 Rxa6 28. Nxe7+ Rxe7 29. Bb5 Ra8 30. Nc4 Rea7 31. Nb6 Rb8 32. Nxd5 Nxd5 33. Rb2 0-1

[Event "Oberliga NRW 1516"]
[Site "Germany"]
[Date "2015.10.25"]
[Round "2.3"]
[White "De Schampheleire, Glen"]
[Black "De Gleria, Francesco"]
[Result "1/2-1/2"]
[WhiteElo "2327"]
[BlackElo "2346"]
[PlyCount "52"]
[EventDate "2015.09.27"]
[EventType "team-tourn"]
[EventRounds "9"]
[EventCountry "GER"]
[SourceTitle "EXT 2017"]
[Source "ChessBase"]
[SourceDate "2016.10.25"]
[SourceVersion "1"]
[SourceVersionDate "2016.10.25"]
[SourceQuality "1"]
[WhiteTeam "Plettenberg"]
[BlackTeam "Duesseldorf"]
[WhiteTeamCountry "GER"]
[BlackTeamCountry "GER"]

1. d4 Nf6 2. c4 c5 3. d5 d6 4. Nc3 g6 5. g3 Bg7 6. Bg2 0-0 7. Nf3 Na6 8. 0-0 Nc7 9. h3 Rb8 10. a4 b6 11. Re1 Nd7 12. e4 a6 13. Bf4 b5 14. e5 dxe5 15. Nxe5 Nxe5 16. Bxe5 Bxe5 17. Rxe5 bxc4 18. Qe2 e6 19. Rd1 exd5 20. Bxd5 Qf6 21. Re3 Bxh3 22. Bxc4 Be6 23. Ne4 Qxb2 24. Nxc5 Bxc4 25. Qxc4 Rb4 26. Qd3 Ne6 1/2-1/2

[Event "Oberliga NRW 1415"]
[Site "Germany"]
[Date "2014.12.14"]
[Round "4.3"]
[White "Straeter, Timo"]
[Black "De Gleria, Francesco"]
[Result "0-1"]
[WhiteElo "2284"]
[BlackElo "2347"]
[PlyCount "54"]
[EventDate "2014.09.14"]
[EventType "team-tourn"]
[EventRounds "9"]
[EventCountry "GER"]
[SourceTitle "EXT 2017"]
[Source "ChessBase"]
[SourceDate "2016.10.25"]
[SourceVersion "1"]
[SourceVersionDate "2016.10.25"]
[SourceQuality "1"]
[WhiteTeam "Wattenscheid"]
[BlackTeam "Duesseldorf"]
[WhiteTeamCountry "GER"]
[BlackTeamCountry "GER"]

1. Nf3 Nf6 2. d4 g6 3. Bf4 Bg7 4. e3 0-0 5. Be2 b6 6. 0-0 Bb7 7. h3 c5 8. Nc3 d6 9. d5 Na6 10. e4 Nc7 11. Re1 Qd7 12. a4 a6 13. Rb1 b5 14. axb5 axb5 15. b4 Ra3 16. Bd2 c4 17. Bf1 e6 18. dxe6 fxe6 19. Qc1 Rfa8 20. e5 Bxf3 21. exf6 Bxf6 22. Re3 Bxc3 23. Rxc3 Rxc3 24. Bxc3 Bc6 25. Qd2 Nd5 26. Bb2 Ra2 27. Be2 Rxb2 0-1

[Event "Oberliga NRW 1415"]
[Site "Germany"]
[Date "2014.09.14"]
[Round "1.3"]
[White "Essing, Arnold"]
[Black "De Gleria, Francesco"]
[Result "0-1"]
[WhiteElo "2162"]
[BlackElo "2347"]
[PlyCount "82"]
[EventDate "2014.09.14"]
[EventType "team-tourn"]
[EventRounds "9"]
[EventCountry "GER"]
[SourceTitle "EXT 2017"]
[Source "ChessBase"]
[SourceDate "2016.10.25"]
[SourceVersion "1"]
[SourceVersionDate "2016.10.25"]
[SourceQuality "1"]
[WhiteTeam "Lieme"]
[BlackTeam "Duesseldorf"]
[WhiteTeamCountry "GER"]
[BlackTeamCountry "GER"]

1. d4 Nf6 2. Nf3 g6 3. c4 Bg7 4. Nc3 c5 5. d5 d6 6. e4 b5 7. cxb5 0-0 8. Be2 a6 9. b6 Nbd7 10. 0-0 Rb8 11. Re1 Nxb6 12. h3 Ne8 13. Bf1 e5 14. dxe6 fxe6 15. Bg5 Qc7 16. Qd2 Kh8 17. Bh4 Qb7 18. Rac1 Nd7 19. Be7 Rxf3 20. Bxd6 Rxf2 21. Kxf2 Bd4+ 22. Kg3 Nxd6 23. Kh2 Qxb2 24. Rc2 Qb7 25. Kh1 Ne5 26. Qf4 Qg7 27. Ne2 Nd3 28. Qg5 Bf6 29. Qg3 Nxe1 30. Qxd6 Nxc2 31. Qxb8 Qd7 32. Nf4 Nb4 33. Bc4 Nc6 34. Qa8 Qb7 35. Qxb7 Bxb7 36. Nxe6 Ne5 37. Be2 c4 38. Nc5 c3 39. Bd1 Bc6 40. Nxa6 Bxe4 41. Nb4 Nd3 0-1

[Event "BL2-West 1314"]
[Site "Germany"]
[Date "2014.02.10"]
[Round "6.4"]
[White "De Gleria, Francesco"]
[Black "Braun, Christian"]
[Result "1-0"]
[WhiteElo "2362"]
[BlackElo "2367"]
[PlyCount "65"]
[EventDate "2013.10.13"]
[EventType "team-tourn"]
[EventRounds "9"]
[EventCountry "GER"]
[SourceTitle "EXT 2015"]
[Source "ChessBase"]
[SourceDate "2014.11.20"]
[SourceVersion "1"]
[SourceVersionDate "2014.11.20"]
[SourceQuality "1"]
[WhiteTeam "Duesseldorf"]
[BlackTeam "Aachen Aufwaerts"]
[WhiteTeamCountry "GER"]
[BlackTeamCountry "GER"]

1. e4 e6 2. d3 d5 3. Nd2 Nf6 4. Ngf3 Bc5 5. e5 Nfd7 6. c3 Be7 7. d4 c5 8. Bd3 Nc6 9. 0-0 g5 10. dxc5 g4 11. Nd4 Ndxe5 12. Bb5 Bd7 13. b4 h5 14. Qe2 Ng6 15. f4 Nxd4 16. cxd4 Bxb5 17. Qxb5+ Qd7 18. Qxd7+ Kxd7 19. f5 Nh4 20. fxe6+ fxe6 21. Nb3 Nf5 22. Bf4 Raf8 23. Rae1 Rh7 24. b5 Rhf7 25. c6+ bxc6 26. bxc6+ Kc8 27. Rxe6 Nxd4 28. Nxd4 Bc5 29. g3 Bxd4+ 30. Kg2 Rf6 31. Rfe1 Rxe6 32. Rxe6 Bb6 33. Re7 1-0

[Event "BL2-West 1314"]
[Site "Germany"]
[Date "2013.11.24"]
[Round "3.5"]
[White "De Gleria, Francesco"]
[Black "Sonntag, Hans Hubert"]
[Result "1-0"]
[WhiteElo "2362"]
[BlackElo "2377"]
[PlyCount "99"]
[EventDate "2013.10.13"]
[EventType "team-tourn"]
[EventRounds "9"]
[EventCountry "GER"]
[SourceTitle "EXT 2015"]
[Source "ChessBase"]
[SourceDate "2014.11.20"]
[SourceVersion "1"]
[SourceVersionDate "2014.11.20"]
[SourceQuality "1"]
[WhiteTeam "Duesseldorf"]
[BlackTeam "Aachen SV"]
[WhiteTeamCountry "GER"]
[BlackTeamCountry "GER"]

1. e4 e5 2. Nf3 Nc6 3. d4 exd4 4. Nxd4 Nf6 5. Nxc6 bxc6 6. Nd2 d5 7. exd5 cxd5 8. Bb5+ Bd7 9. Bxd7+ Qxd7 10. 0-0 Be7 11. b3 0-0 12. Bb2 Qf5 13. Rc1 c5 14. Re1 Rfe8 15. Re5 Qd7 16. Qf3 Bf8 17. Rxe8 Nxe8 18. c4 Rd8 19. cxd5 Qxd5 20. Qxd5 Rxd5 21. Nf3 f6 22. Kf1 Kf7 23. Rc4 Nc7 24. Ke2 Ke8 25. Ne1 Rd6 26. Ra4 Ra6 27. Rxa6 Nxa6 28. Kd3 Nb4+ 29. Kc4 Nxa2 30. Nd3 Nb4 31. Nxb4 cxb4 32. Bd4 Bd6 33. Bxa7 Bxh2 34. Kxb4 Kd7 35. Kb5 Kc7 36. Bd4 Bd6 37. b4 h5 38. Kc4 Kd7 39. b5 Bb8 40. Kd5 h4 41. f3 Ke7 42. b6 g5 43. b7 f5 44. Be5 Ba7 45. b8Q Bxb8 46. Bxb8 Kf6 47. Bc7 Kg6 48. Ke5 g4 49. Kf4 h3 50. gxh3 1-0

[Event "Oberliga NRW 1213"]
[Site "Germany"]
[Date "2012.09.16"]
[Round "1.3"]
[White "Hausrath, Daniel"]
[Black "De Gleria, Francesco"]
[Result "1/2-1/2"]
[WhiteElo "2451"]
[BlackElo "2335"]
[PlyCount "79"]
[EventDate "2012.09.16"]
[EventType "team-tourn"]
[EventRounds "9"]
[EventCountry "GER"]
[SourceTitle "EXT 2017"]
[Source "ChessBase"]
[SourceDate "2016.10.25"]
[SourceVersion "1"]
[SourceVersionDate "2016.10.25"]
[SourceQuality "1"]
[WhiteTeam "Muelheim Nord II"]
[BlackTeam "Duesseldorf"]
[WhiteTeamCountry "GER"]
[BlackTeamCountry "GER"]

1. Nf3 g6 2. g3 Bg7 3. d4 Nf6 4. Bg2 0-0 5. 0-0 d6 6. b3 Bg4 7. Bb2 Qc8 8. Re1 Na6 9. Nbd2 c5 10. e3 Rb8 11. c4 Nb4 12. Bc3 Nd3 13. Rf1 cxd4 14. exd4 Nd5 15. Qc2 N3b4 16. Bxb4 Bf5 17. Qb2 Nxb4 18. Rad1 Bd3 19. Rfe1 Nc2 20. Rxe7 Qd8 21. Re4 Bxe4 22. Nxe4 Nb4 23. Qd2 Nc6 24. d5 Ne5 25. Qb4 Nxf3+ 26. Bxf3 Be5 27. c5 dxc5 28. Qxc5 f5 29. Nd2 b6 30. Qc6 Rf6 31. Qb5 Bd6 32. Re1 Kg7 33. Kg2 Rb7 34. Re8 Qd7 35. Qe2 b5 36. b4 Kf7 37. Rh8 Kg7 38. Re8 Kf7 39. Rh8 Kg7 40. Re8 1/2-1/2